• 首页
  • 本馆介绍
  • 公告通知
  • 最新文献
  • 馆藏检索
  • 电子资源
  • 读者导购
  • 参考咨询
  • 我的图书馆
  • 登录
  • 详细信息显示
  • 放入我的书架
  • 预约/预借图书
  • 作者相关作品
  • 分类相关作品
  • 丛书相关作品
  • 出版社相关作品

书目信息

  • 表格格式
  • 工作单格式
  • 卡片格式
题名:
体态语和礼仪
    
 
作者: 熊征宇 著
分册:  
出版信息: 北京   中国经济出版社  2005
页数: 11, 219页
开本: 21cm
丛书名: 语言与传播丛书
单 册:
中图分类: H026.3
科图分类:
主题词: 礼仪--基本知识 , 身势语--基本知识
电子资源:
ISBN: 7-5017-6693-2
000 01103nam0 2200337 450
000 01066nam0 2200325 450
000 01091nam0 2200349 450
000 01037nam0 2200325 450
000 01055nam0 2200313 450
000 01018nam0 2200301 45
001 TS2006025504
005 20070120154834.51
010    @a7-5017-6693-2@dCNY20.00
100    @a20060829d2005 em y0chiy0110 ea
101 0  @achi
102    @aCN@b110000
105    @aa z 000yy
200 1  @a体态语和礼仪@Ati tai yu he li yi@f熊征宇著@FXiong Zheng Yu Zhu
210    @a北京@c中国经济出版社@d2005
215    @a11, 219页@c照片@d21cm
225 2  @a语言与传播丛书@v17
330    @a这是一本剖析体态语的交际功能、调查研究新体态语及其生长的文化土壤以及认识和理解现代礼仪的书。
410  0 @12001 @a语言与传播丛书
606 0  @a礼仪@x基本知识
606 0  @a身势语@x基本知识
690    @aH026.3@v4
701  0 @a熊征宇@Axiong zheng yu@4著
801  0 @aCN@b中图数据@c20070120
905    @a10447@dH026.3@e116
    
    体态语和礼仪/熊征宇著.-北京:中国经济出版社,2005
    11, 219页:照片;21cm.-(语言与传播丛书;17)
    
    
    ISBN 7-5017-6693-2:CNY20.00
    这是一本剖析体态语的交际功能、调查研究新体态语及其生长的文化土壤以及认识和理解现代礼仪的书。
●
相关链接 在E读中查询图书 在五车中查询图书 在当当中查询图书 在豆瓣中查询图书


正题名:体态语和礼仪     索取号:H026.3/116         预约/预借

序号 登录号 条形码 馆藏地/架位号 状态 备注
1 0600844   206008443   第二样本阅览室/ [索取号:H026.3/116] 在馆    
2 0600845   206008452   第四借阅区/ [索取号:H026.3/116] 在馆    
3 0600846   206008461   第四借阅区/ [索取号:H026.3/116] 在馆    
4 0600847   206008470   第四借阅区/ [索取号:H026.3/116] 在馆    
5 0600848   206008489   第四借阅区/ [索取号:H026.3/116] 在馆    
唐山师范学院图书馆 欢迎您!
大连网信软件有限公司© 版权所有